Collaborative discipline for at-risk students /

Bonding. Communication. Problem solving. Career/leisure activities. Parent support program. Transitional planning.

Bewaard in:
Bibliografische gegevens
Hoofdauteur: Byers, George H.
Formaat: Boek
Taal:English
Gepubliceerd in: West Nyack, N.Y. : Center for Applied Research in Education, 1994.
Onderwerpen:
Tags: Voeg label toe
Geen labels, Wees de eerste die dit record labelt!
Thư viện lưu trữ: Mạng thư viện Đại học Đà Nẵng
LEADER 01122cam a2200361 i 4500
001 000048087
003 7786
005 20030306145104.0
008 010319|1994 vm 000 eng
020 |a 0876281226 
040 |a IRC  |c IRC  |d IRC 
041 0 |a eng 
082 1 4 |a 371.404  |b BY-G 
100 1 |a Byers, George H. 
245 0 0 |a Collaborative discipline for at-risk students /  |c George H. Byers. 
260 |a West Nyack, N.Y. :  |b Center for Applied Research in Education,  |c 1994. 
300 |a xxviii, 260 p. :  |b ill. ;  |c 27.5cm. 
520 3 |a Bonding. Communication. Problem solving. Career/leisure activities. Parent support program. Transitional planning. 
630 0 4 |a Education. 
630 0 4 |a Discipline. 
650 0 4 |a Peer counseling of students  |z United States. 
650 0 4 |a School discipline  |z United States. 
650 0 4 |a Behavior modification  |z United States. 
OWN |a DUT 
999 |a From the UDN01 
TYP |a Monograph 
TYP |a Printed language 
980 |a Mạng thư viện Đại học Đà Nẵng